| 000 | 00568nam a2200205Ia 4500 | ||
|---|---|---|---|
| 005 | 20250923144627.0 | ||
| 008 | 008 250917s9999 xx 000 0 eng d | ||
| 037 | _aTextual | ||
| 040 |
_aDSWL _beng _cDSWL |
||
| 041 |
_aeng _2eng |
||
| 084 |
_aY135.42.N5u, J8 _qDSWL |
||
| 100 |
_aDore, R.P _9826777 |
||
| 245 | 0 |
_aCity life in Japan _cby R.P Dore |
|
| 260 |
_aLondon _bRoutledge & Kegan Paul _c1958 |
||
| 300 | _aix,472,15p. | ||
| 365 |
_aINR _b45 |
||
| 925 | _g45 | ||
| 942 |
_cTEXL _hY135.42.N5u, J8 |
||
| 999 |
_c1441335 _d1441335 |
||